Best Performing Country by Sport at Rio 2016 Olympics - Statistics

General Stats
  • This quiz has been taken 407 times
  • The average score is 21 of 39
Answer Stats
Sport G S B Country % Correct
Basketball 2 0 0 United States
98%
Athletics 13 10 9 United States
95%
Artistic Gymnastics 4 6 2 United States
86%
Badminton 2 0 1 China
85%
Swimming 16 8 9 United States
84%
Beach Volleyball 1 1 0 Brazil
81%
Table Tennis 4 2 0 China
80%
Diving 7 2 1 China
76%
Tennis 1 1 1 United States
67%
Rugby Sevens 1 0 0 Australia/Fiji
61%
Cycling Track 6 4 1 Great Britain
61%
Judo 3 1 8 Japan
61%
Cycling BMX 1 1 0 United States
61%
Archery 4 0 1 South Korea
60%
Volleyball 1 0 0 Brazil/China
59%
Water Polo 1 0 0 Serbia/United States
59%
Football 1 1 0 Germany
58%
Golf 1 0 0 Great Britain/South Korea
58%
Synchronised Swimming 2 0 0 Russia
55%
Rhythmic Gymnastics 2 1 0 Russia
54%
Equestrian 2 2 2 Germany
53%
Rowing 3 2 0 Great Britain
51%
Triathlon 1 1 1 Great Britain
49%
Hockey 1 0 0 Argentina/Great Britain
48%
Sailing 2 1 0 Great Britain
48%
Canoe Slalom 1 1 0 Great Britain/Slovakia
45%
Weightlifting 5 2 0 China
42%
Handball 1 0 0 Denmark/Russia
41%
Taekwondo 2 0 3 South Korea
41%
Canoe Sprint 4 2 1 Germany
37%
Wrestling 4 3 2 Russia
37%
Fencing 4 1 2 Russia
36%
Cycling Road 1 1 1 Netherlands
30%
Modern Pentathlon 1 0 0 Australia/Russia
28%
Shooting 4 3 0 Italy
19%
Cycling Mountain Bike 1 0 0 Switzerland/Sweden
19%
Marathon Swimming 2 0 0 Netherlands
18%
Trampoline Gymnastics 1 0 0 Belarus/Canada
16%
Boxing 3 2 2 Uzbekistan
13%
No matching quizzes found
Score Distribution
Percent of People with Each Score
Percentile by Number Answered
Your Score History
You have not taken this quiz